Computer Systems design and architecture (Record no. 3688)

MARC details
000 -LEADER
fixed length control field 00378nam a2200157Ia 4500
008 - FIXED-LENGTH DATA ELEMENTS--GENERAL INFORMATION
fixed length control field 191201s2008 xx 000 0 und d
020 ## - INTERNATIONAL STANDARD BOOK NUMBER
International Standard Book Number 9788120327481
082 ## - DEWEY DECIMAL CLASSIFICATION NUMBER
Classification number 004.22
Item number HEC
100 ## - MAIN ENTRY--PERSONAL NAME
Personal name Heuring, Vincent Pand
245 #0 - TITLE STATEMENT
Title Computer Systems design and architecture
250 ## - EDITION STATEMENT
Edition statement 2nd
260 ## - PUBLICATION, DISTRIBUTION, ETC. (IMPRINT)
Place of publication, distribution, etc N.Delhi
Name of publisher, distributor, etc PHI
Date of publication, distribution, etc 2008
300 ## - PHYSICAL DESCRIPTION
Extent 592
650 ## - SUBJECT ADDED ENTRY--TOPICAL TERM
Topical term or geographic name as entry element MCA
942 ## - ADDED ENTRY ELEMENTS (KOHA)
Source of classification or shelving scheme Dewey Decimal Classification
Koha item type Text Books
Holdings
Withdrawn status Lost status Source of classification or shelving scheme Damaged status Not for loan Collection code Home library Current library Date acquired Source of acquisition Cost, normal purchase price Bill Number Total Checkouts Full call number Acc. no. / Barcode Date last seen Bill Date Koha item type
    Dewey Decimal Classification     MCA PIET C-LIBRARY PIET C-LIBRARY 22/12/2008 J B C, New Delhi 325.00 SI-4665   004.22 HEC 10660 04/12/2019 13/12/2008 Text Books
    Dewey Decimal Classification     MCA PIET C-LIBRARY PIET C-LIBRARY 22/12/2008 J B C, New Delhi 325.00 SI-4665   004.22 HEC 10661 04/12/2019 13/12/2008 Text Books
    Dewey Decimal Classification     Computer Science & Engineering in Cyber Security PIET C-LIBRARY PIET C-LIBRARY 22/12/2008 J B C, New Delhi 325.00 SI-4665   004.22 HEC 10662 04/12/2019 13/12/2008 Text Books
    Dewey Decimal Classification     Computer Science & Engineering in Cyber Security PIET C-LIBRARY PIET C-LIBRARY 22/12/2008 J B C, New Delhi 325.00 SI-4665   004.22 HEC 10663 04/12/2019 13/12/2008 Text Books

Design & Developed by: PIET Central Library
R70 Miles Stone Pattikalyana Samalkha Panipat 132102
mail ID :- [email protected], Phone No:- 0180-2569700 Ex.216